Welcome to CU Library Online Public Access Catalogue (OPAC)

Fundamentals of Pharmacology/ (Record no. 7727)

MARC details
000 -LEADER
fixed length control field 00499nam a22001577a 4500
005 - DATE AND TIME OF LATEST TRANSACTION
control field 20250925144512.0
008 - FIXED-LENGTH DATA ELEMENTS--GENERAL INFORMATION
fixed length control field 250925b |||||||| |||| 00| 0 eng d
020 ## - INTERNATIONAL STANDARD BOOK NUMBER
International Standard Book Number 9780582404670
050 ## - LIBRARY OF CONGRESS CALL NUMBER
Classification number RS187
Item number .T5
245 ## - TITLE STATEMENT
Title Fundamentals of Pharmacology/
Remainder of title a text for nurses and health professionals
Statement of responsibility, etc. Alan Galbraith et al.,
260 ## - PUBLICATION, DISTRIBUTION, ETC.
Place of publication, distribution, etc. Harlow
Name of publisher, distributor, etc. Pearson Prentice Hall
Date of publication, distribution, etc. 1999
300 ## - PHYSICAL DESCRIPTION
Extent xxiv. 792p.
Other physical details ill. color
Dimensions 24.5cm
500 ## - GENERAL NOTE
General note includes an index
700 ## - ADDED ENTRY--PERSONAL NAME
Personal name Galbraith, Alan
942 ## - ADDED ENTRY ELEMENTS (KOHA)
Source of classification or shelving scheme Library of Congress Classification
Koha item type Books
Suppress in OPAC No
999 ## -
-- 7727
-- 7727
Holdings
Withdrawn status Lost status Source of classification or shelving scheme Damaged status Not for loan Collection Home library Current library Shelving location Date acquired Total checkouts Full call number Barcode Date last seen Copy number Price effective from Koha item type
    Library of Congress Classification     Non-fiction Science Library (Miotso) Science Library (Miotso) General stacks 09/25/2025   RS187 .T5 FUN SLM00004396 09/25/2025 1 09/25/2025 Books
    Library of Congress Classification     Non-fiction Science Library (Miotso) Science Library (Miotso) General stacks 09/25/2025   RS187 .T5 FUN SLM00004397 09/25/2025 2 09/25/2025 Books
© 2023-2024 Copyright: Central University Libraries. All Rights Reserved | Created by: Mahone Tech Office